Κατάλογος Βιβλιοθηκών Mediterranean College

Packaging Focus / With Contributions from the Healthcare Distribution Association's Martin Sawer and Medicines for Europe's Maarten Van Baelen and Johan Verhaeghe and Deloitte's Micael Lopes and Michael A Graf (Record no. 9297)

MARC details
000 -LEADER
fixed length control field 01009cam a22001814a 4500
005 - ΗΜΕΡΟΜΗΝΙΑ ΚΑΙ ΩΡΑ ΤΕΛΕΥΤΑΙΑΣ ΕΝΗΜΕΡΩΣΗΣ
Πεδίο ελέγχου 20250605164357.0
008 - FIXED-LENGTH DATA ELEMENTS--GENERAL INFORMATION
Πεδίο ελέγχου σταθερού μήκους 250528s ||||||||||||||||||||||||d
035 ## - SYSTEM CONTROL NUMBER
System control number 24414
040 ## - ΠΗΓΗ ΚΑΤΑΛΟΓΟΓΡΑΦΗΣΗΣ
Φορέας πρωτότυπης καταλογογράφησης MC Athens Campus Library
Γλώσσα καταλογογράφησης Ελληνικά, Μοντέρνα (1453-)
Modifying agency MC Athens Campus Library
Κανόνες περιγραφικής καταλογογράφησης AACR2
245 1# - ΤΙΤΛΟΣ ΚΑΙ ΔΗΛΩΣΗ ΥΠΕΥΘΥΝΟΤΗΤΑΣ
Τίτλος Packaging Focus / With Contributions from the Healthcare Distribution Association's Martin Sawer and Medicines for Europe's Maarten Van Baelen and Johan Verhaeghe and Deloitte's Micael Lopes and Michael A Graf
260 ## - PUBLICATION, DISTRIBUTION, ETC.
Name of publisher, distributor, etc. Russel Publishing Ltd,
Date of publication, distribution, etc. 2016
300 ## - PHYSICAL DESCRIPTION
Extent 56
520 ## - SUMMARY, ETC.
Summary, etc. Microbiology Focus: David P Elder and Paul Newby of GlaxoSmithKline and Tim Sandle and Bio Products Laboratory Provide Their Insights into Pharmaceutical Microbiology, Antibiotics Resistance: Clinical Microbiologist Dr. Bjorn Herpers Describes how a Novel Endolysin Product Manufactured by Dutch Firm Micreos Could Relace Antibiotics in Treating Drug-Resistant Infections.
700 1# - ΠΡΟΣΘΕΤΗ ΑΝΑΓΡΑΦΗ--ΦΥΣΙΚΟ ΠΡΟΣΩΠΟ
Personal name Richards Caroline
9 (RLIN) 9463
942 ## - ADDED ENTRY ELEMENTS (KOHA)
Koha item type Περιοδικά Δημοσιεύματα
Holdings
Τύπος τεκμηρίου Βιβλιοθήκη Τρέχουσα τοποθεσία Barcode Ημερομηνία απόκτησης Ταξιθετικό σύμβολο Αριθμός αντιτύπου Αρίθμηση σειρών / χρονολογία Κατάσταση απόσυρσης Κατάσταση χαμένου Κατάσταση κατεστραμμένου Μη δανεισμός Σύνολο δανεισμών Ημερομηνία τελευταίας εμφάνισης Η τιμή ισχύει από
Περιοδικά Δημοσιεύματα MC Athens Campus Library MC Athens Campus Library 9780000092960 05/06/2025 EUROPEAN PHARMACEUTICAL REVIEW 1 21           05/06/2025 05/06/2025

MC Athens Campus Library
Πατησίων 94 & Κοδριγκτώνος 13, 104 34
Πελλήνης 8 & Πατησίων 107, 112 51
Τ: +30 210 8899600

MC Thessaloniki Campus Library
Ίωνος Δραγούμη 21, 54625 | Ίωνος Δραγούμη 15, 54625
Τ: +30 2310 287779 – Τ: +30 2314 440300